Danse avec les Stars - Partenaires de Jordan Mouillerac - Statistiques

Statistiques générales
  • Ce quiz a été pris 159 fois
    73 depuis la dernière actualisation
  • Le résultat moyen est 4 sur 7
Statistiques - réponses
Saisons Professions Célébrités % Correct
Saison 14 Chanteuse Lénie Vachet
96%
Saison 15 Influenceuse Juju Fitcats
84%
Saison 11 Chanteur Bilal Hassani
75%
Saison 13 Présentatrice télé Cristina Córdula
54%
Saison 9 Fille de Carla Ginola
35%
Saison 12 Chanteuse Eva
30%
Saison 8 Animatrice et chroniqueuse Hapsatou Sy
19%
Aucun quiz correspondant
Distribution des résultats
% des personnes avec chaque résultat
Percentile par nombre de réponses
Votre historique - résultats
Vous n’avez pas pris ce quiz depuis la dernière actualisation